1922 1424 1123 1315 1617 1809 1423 1310 1981 1894 1159 1531 1822 1174 1519 1052 1015 1483 1128 1774 1540 1724 1485 1579 1676 1563 1318 1903 1510 1889 1471 1470 1417 1625 1752 1291 1981 1254 1047 1931 1306 1559 1586 1764 1538 1126 1594 1495 1550 1557 1519 1593 1863 1965 1680 1634 1388 1610 1654 1070 1026 1199 1793 1631 1815 1644 1035 1834 1083 1808 1693 1748 1635 1053 1731 1479 1320 1377 1374 1456 1194 1522 1336 1128 1153 1183 1378 1927 1289 1301 1104 1778 1460 1538 1161 1021 1092 1586 1900 BCNSPRNW ULIB Ver.6.0+V

เปลี่ยนเป็นภาษาไทย

Change to English
 แสดงรายละเอียดบรรณานุกรม
  กลับหน้าหลัก

Brief Record : Get Marc (ISO 2709) : E-mail record : QR code < ปิดหน้าต่าง
LEADER : 00000nam 2200000uu 4500
001    13399110430
003     ULIB
008    110527s2549||||th 000 0 tha d
020    9749457609
050  4 KPT68^bน435ค 2549
100 0  นัยนา เกิดวิชัย
245 10 ความรู้เบื้องต้นเกี่ยวกับกฎหมาย /^cนัยนา เกิดวิชัย
250    พิมพ์ครั้งที่ 1
260    กรุงเทพฯ :^bเอ็กซ์เปอร์เน็ท,^c2549
300    ฏ, 276 หน้า ;^c26 ซม.
500    เอกสารตำราหลักประกอบการเรียนการสอนหลักสูตรรัฐประศาสนศาสตบัณฑิต สาขาการปกครองท้องถิ่น "วิชา ความรู้เบื้องต้นเกี่ยวกับกฎหมายทั่วไป" (Introduction to law)
650  7 กฎหมาย^zไทย
650  7 กฎหมาย^xการศึกษาและการสอน
650  7 กฎหมายแพ่ง
650  7 กฎหมายอาญา
945    ^p270^l0^i18189
995    เกษร
999    ^aใช้งานได้ทุกระบบ
รายการนี้ยังไม่มีแท็ก
คุณยังไม่ได้ล็อกอิน คุณสามารถมีกิจกรรมร่วมกับเว็บไซต์ได้ แต่ต้องล็อกอินก่อน ::
  ล็อกอิน

รายการสื่อสารสนเทศ

ลำดับที่ ประเภท เลขเรียก/บาร์โค้ด สถานที่ สถานะ
1. วิทยาศาสตร์การแพทย์ และสุขภาพ
วิทยาศาสตร์การแพทย์ และสุขภาพ
KPT68 น435ค 2549  
  Barcode: 18189
ห้องสมุดวิทยาเขตสวรรค์ประชารักษ์
►นวนิยาย
บนชั้น
  ขอยืม

รายการใกล้เคียง
    ผู้แต่ง [นัยนา เกิดวิชัย]

    หัวเรื่อง [กฎหมายแพ่ง]
    หัวเรื่อง [กฎหมายอาญา]

BibComment


ยังไม่เคยถูกคอมเมนท์

คอมเมนท์ทรัพยากรรายการนี้
  คอมเมนท์: ความรู้เบื้องต้นเ..


 Copyright 2026. Bcnsprnw @Library